000 01035cam a2200193 4500
001 WB3831-22
008 020828n2002 000 0 eng u
035 _a(Sirsi) u119441
245 _aProvisional housing statistics
260 _c2002
490 _aRICS Residential Faculty News
_v22 August 2002, (1)
520 _aProvisional results from the latest "Survey of English housing" have been published on the ODPM website. Key statistics for 2001-02 reveal that 14.5m owned their home, while 4.1m rented from the social sector and 2m rented privately. The full report will be published in a few months and results should be similar to the preview. "Survey of English housing provisional results: 2001-02" available at www.housing.odpm.gov.uk/statistics/publicat/summaries/013/pdf/hss013.pdf www.rics.org/ricscms/bin/show?class=News&template=/includes/shownews.html&id=3465
590 _aWB
650 _aHOUSING STATISTICS
650 _aENGLISH HOUSING SURVEY
650 _aHOUSEHOLDS
690 _aHOUSING
942 _n0
999 _c71013
_d71013